Die 63 häufigsten ♂ ♀ Vornamen in Sachsen - Anhalt - Statistiken

Allgemein
  • Dieses Quiz wurde 54 mal gespielt
  • Das Durchschnittsergebnis liegt bei 31 aus 65
Antwortstatistiken
♂ /♀ Vorname % Korrekt
Mädchen - - > ⤵️
100%
Jungen - - > ⤵️
100%
L3 Lia
86%
E4 Emma
77%
H6 Hannah
77%
M3 Mia
77%
A4 Anna
71%
E4 Emil
71%
L3 Leo
71%
B3 Ben
69%
P4 Paul
69%
K4 Karl
66%
T4 Theo
66%
F4 Finn
63%
L4 Leon
63%
L4 Luca
63%
I3 Ida
60%
C9 Charlotte
57%
N4 Noah
57%
J7 Johanna
54%
L3 Lio
54%
L5 Luisa
54%
C5 Clara
51%
E4 Ella
51%
E6 Emilia
51%
E5 Emily
51%
H5 Henry
51%
L4 Lina
51%
M6 Matteo
51%
O5 Oskar
51%
A5 Anton
49%
A9 Alexander
46%
F6 Frieda
46%
L5 Louis
46%
M8 Mathilda
46%
M4 Mira
46%
J5 Jonas
43%
L4 Leni
43%
L6 Leonie
43%
L4 Luna
43%
T7 Theodor
43%
E5 Elias
40%
L4 Liam
40%
M4 Mara
40%
M4 Mila
40%
S6 Sophia
40%
F5 Fritz
37%
L5 Lilly
34%
T5 Tilda
34%
W5 Willi
34%
J6 Jannis
31%
M6 Melina
31%
A5 Aaron
29%
A6 Amelie
29%
H6 Hailey
29%
H6 Helene
29%
L4 Levi
29%
L5 Linus
29%
M5 Merle
29%
A6 Arthur
26%
M6 Moritz
23%
F8 Friedrich
20%
L6 Ludwig
17%
L4 Lucy
14%
J6 Jayden
6%
Keine übereinstimmenden Quizze gefunden
Verteilung der Resultate
Anzahl Personen mit jedem Resultat
Perzentil nach korrekt beantworteten Fragen
Ihre Resultats-Entwicklung
Sie haben dieses Quiz noch nicht gespielt